Top 10 - Célébrités - Google 🇫🇷 - Statistiques

Statistiques générales
  • Ce quiz a été pris 22 fois
  • Le résultat moyen est 1 sur 10
Statistiques - réponses
Hint Réponse % Correct
3 Wejdene
81%
1 Cyril Lignac
29%
5 Camelia Jordana
14%
10 Lara Fabian
10%
8 Kim Glow
5%
7 Moha La Squale
5%
2 Sadek
5%
9 Catherine Laborde
0%
6 Freeze Corleone
0%
4 Marie Papillon
0%
Aucun quiz correspondant
Distribution des résultats
% des personnes avec chaque résultat
Percentile par nombre de réponses
Votre historique - résultats
Vous n’avez pas pris ce quiz